000 00381nam a2200145 i 4500
001 bg
100 1 _aJEŻEWSKI, Marek
245 0 _aGeneratory synchronizowane i ich zastosowania /
_cM. Jeżewski, W. Szkudliński.
260 _aWarszawa,
_c1981.
700 1 _aSZKUDLIŃSKI, Witold
040 _cBPK
041 _apol
942 _cKS
008 s pl f |000 0 pol
999 _c19993
_d19993
856 _uhttp://koha.tu.koszalin.pl/cgi-bin/koha/opac-detail.pl?biblionumber=19993
_yKatalog online BPK